ចៅច្រមុះទិព្វ / (Record no. 4541)

MARC details
000 -LEADER
fixed length control field 01407nam a22003257a 4500
001 - CONTROL NUMBER
control field 4541
003 - CONTROL NUMBER IDENTIFIER
control field FISKH
005 - DATE AND TIME OF LATEST TRANSACTION
control field 20240913133727.0
008 - FIXED-LENGTH DATA ELEMENTS--GENERAL INFORMATION
fixed length control field 240913b cb ||||| |||| 00| 0 eng d
020 ## - INTERNATIONAL STANDARD BOOK NUMBER
International Standard Book Number 9789995084820
040 ## - CATALOGING SOURCE
Original cataloging agency FISKH
Language of cataloging Bilingual
Transcribing agency FISKH
Modifying agency FISKH
050 ## - LIBRARY OF CONGRESS CALL NUMBER
Classification number PZ7
082 ## - DEWEY DECIMAL CLASSIFICATION NUMBER
Classification number 800
100 ## - MAIN ENTRY--PERSONAL NAME
Personal name Kimsun, Sotheary
Relator term author
245 ## - TITLE STATEMENT
Title ចៅច្រមុះទិព្វ /
Statement of responsibility, etc. by Kimsun Sotheary
250 ## - EDITION STATEMENT
Edition statement ចេញផ្សាយខែ កក្កដា ២០០៦
260 ## - PUBLICATION, DISTRIBUTION, ETC.
Place of publication, distribution, etc. ភ្នំពេញ :
Name of publisher, distributor, etc. Reading Book ;
Date of publication, distribution, etc. ២០០៦​ .
300 ## - PHYSICAL DESCRIPTION
Extent 24 pages :
Other physical details color illustrations ;
Dimensions 26 cm .
490 ## - SERIES STATEMENT
Series statement ពិភពរឿងនិទាន
505 ## - FORMATTED CONTENTS NOTE
Formatted contents note K <br/>
520 ## - SUMMARY, ETC.
Summary, etc. កាលពីព្រេងនាយមានក្មេងប្រុសម្នាក់មានប្រាជ្ញាឈ្លាសវៃ ហើយពូកែហិតក្លិនផងដែរ អ្នកស្រុកដាក់ឈ្មោះអោយគេថា ចៅច្រមុះទិព្វ ។
520 ## - SUMMARY, ETC.
Summary, etc. Once upon a time, there was a young boy who was wise and had a good sense of smell .
521 8# - TARGET AUDIENCE NOTE
Target audience note 510 <br/>
Source Lexile estimate <br/>
521 8# - TARGET AUDIENCE NOTE
Target audience note K <br/>
Source Raz-Plus <br/>
650 ## - SUBJECT ADDED ENTRY--TOPICAL TERM
Topical term or geographic name entry element ចៅច្រមុះទិព្វ
650 ## - SUBJECT ADDED ENTRY--TOPICAL TERM
Topical term or geographic name entry element The magic nose boy
700 ## - ADDED ENTRY--PERSONAL NAME
Personal name San, Thai
Relator term illustrator
942 ## - ADDED ENTRY ELEMENTS (KOHA)
Source of classification or shelving scheme Dewey Decimal Classification
Koha item type Books
Suppress in OPAC No
Holdings
Withdrawn status Lost status Source of classification or shelving scheme Damaged status Not for loan Collection Home library Current library Shelving location Date acquired Total Checkouts Full call number Barcode Date last seen Copy number Price effective from Koha item type
    Dewey Decimal Classification     Khmer-English Bilingual / ភាសាខ្មែរ-អង់គ្លេស Footprints International School Library Network Toul Tom Poung Campus Footprints International School Library Network Toul Tom Poung Campus TTP Primary Khmer Bookshelves 09/13/2024   SOT PZ7 800 FIS04057 09/13/2024 1 09/13/2024 Khmer Books
    Dewey Decimal Classification     Khmer-English Bilingual / ភាសាខ្មែរ-អង់គ្លេស Footprints International School Library Network Toul Tom Poung Campus Footprints International School Library Network Toul Tom Poung Campus TTP Primary Khmer Bookshelves 10/03/2025   SOT PZ7 800 FIS04200 10/03/2025 2 10/03/2025 Khmer Books
    Dewey Decimal Classification     Khmer-English Bilingual / ភាសាខ្មែរ-អង់គ្លេស Footprints International School Library Network Toul Tom Poung Campus Footprints International School Library Network Toul Tom Poung Campus TTP Primary Khmer Bookshelves 10/23/2025   SOT PZ7 800 FIS03999 10/23/2025 3 10/23/2025 Khmer Books
    Dewey Decimal Classification     Khmer Language Books / សៀវភៅភាសាខ្មែរ Footprints International School Library Network Toul Tom Poung Campus Footprints International School Library Network Toul Tom Poung Campus TTP Primary Khmer Bookshelves 10/24/2025   SOT PZ7 800 FIS03936 10/24/2025 4 10/24/2025 Khmer Books